| 000 | 00441nam a22001697a 4500 | ||
|---|---|---|---|
| 003 | SGT | ||
| 020 | _a9789392544002 | ||
| 082 |
_a615.53 _bA22S |
||
| 100 | _aSRIKANT, N,ed. | ||
| 245 | _aAYURVEDA BASED CLINICAL METHODS FOR EXAMINATION OF GRAHANI ROGA | ||
| 250 | _a1ST | ||
| 260 |
_aNEW DELHI _bCCRAS _c2022 |
||
| 300 | _a58 | ||
| 650 | _aAYURVEDA | ||
| 653 | _aAYURVEDA, CLINICAL, METHODS , EXAMINATION, GRAHANI ROGA | ||
| 942 |
_2ddc _cBK |
||
| 999 |
_c34646 _d34646 |
||